| 000 | 00591nam a2200205Ia 4500 | ||
|---|---|---|---|
| 003 | IN-BaIIA | ||
| 008 | 211028s9999 xx 000 0 eng d | ||
| 020 | _a0-08-022448-2 | ||
| 040 | _cIIA Library | ||
| 080 |
_a083:537 _bCAU |
||
| 100 |
_aCauchois, Y _912252 |
||
| 245 | 0 |
_aWavelengths of X-ray emission lines and absorption edges _cY. Cauchois and C. Senemaud |
|
| 260 |
_aOxford _bPergamon Press _c1978 |
||
| 300 | _a320p. | ||
| 650 | _aNASA thesaurus | ||
| 650 |
_aWavelengths tables _912253 |
||
| 650 |
_aX-ray emission Tables _912254 |
||
| 700 |
_aSenemaud, C. _912255 |
||
| 942 | _cBK | ||
| 999 |
_c7143 _d7143 |
||